Race and economics / (Record no. 7512)
[ view plain ]
| 000 -LEADER | |
|---|---|
| fixed length control field | 00498cam a2200181 i 4500 |
| 001 - CONTROL NUMBER | |
| control field | 4569821 |
| 003 - CONTROL NUMBER IDENTIFIER | |
| control field | NG-AbAUS |
| 005 - DATE AND TIME OF LATEST TRANSACTION | |
| control field | 20230319005602.0 |
| 008 - FIXED-LENGTH DATA ELEMENTS--GENERAL INFORMATION | |
| fixed length control field | 750805s1975 nyu b 001 0 eng |
| 020 ## - INTERNATIONAL STANDARD BOOK NUMBER | |
| International Standard Book Number | 067950527X : |
| Terms of availability | $9.95. |
| International Standard Book Number | 067930262X |
| Terms of availability | $4.95 |
| 040 ## - CATALOGING SOURCE | |
| Original cataloging agency | DLC |
| Transcribing agency | DLC |
| Modifying agency | DLC |
| 082 00 - DEWEY DECIMAL CLASSIFICATION NUMBER | |
| Classification number | 330.9/73 |
| 100 1# - MAIN ENTRY--PERSONAL NAME | |
| Personal name | Sowell, Thomas, |
| Dates associated with a name | 1930- |
| 9 (RLIN) | 533 |
| 245 10 - TITLE STATEMENT | |
| Title | Race and economics / |
| Statement of responsibility, etc | Thomas Sowell. |
| 260 ## - PUBLICATION, DISTRIBUTION, ETC. (IMPRINT) | |
| Place of publication, distribution, etc | New York : |
| Name of publisher, distributor, etc | D. McKay Co., |
| Date of publication, distribution, etc | [1975] |
| 300 ## - PHYSICAL DESCRIPTION | |
| Extent | ix, 276 p. ; |
| Dimensions | 22 cm. |
| 942 ## - ADDED ENTRY ELEMENTS (KOHA) | |
| Source of classification or shelving scheme | Dewey Decimal Classification |
| Item type | Book |
No items available.